[Event "23rd Abu Dhabi Masters"]
[Site "Abu Dhabi UAE"]
[Date "2016.08.23"]
[Round "4.60"]
[White "Patil, Pratik"]
[Black "Wafa, Shrook"]
[Result "1-0"]
[BlackTitle "WGM"]
[WhiteElo "2216"]
[BlackElo "2106"]
[WhiteFideId "5038758"]
[BlackFideId "10609970"]
[EventDate "2016.08.21"]

1. e4 c5 2. c3 d5 3. exd5 Qxd5 4. d4 Nf6 5. Nf3 Bg4 6. dxc5 Qxd1+ 7. Kxd1 e5 8.
b4 e4 9. h3 Bh5 10. g4 Nxg4 11. hxg4 Bxg4 12. Nd2 exf3 13. Bh3 f5 14. Re1+ Be7
15. Bf1 Kf8 16. Nc4 Nd7 17. Kc2 h5 18. Bf4 g5 19. Rad1 Nxc5 20. bxc5 gxf4 21.
Rd7 Bxc5 22. Re6 Re8 23. Rf6+ Kg8 24. Rg6+ Kf8 25. Nd6 Re2+ 26. Bxe2 Bxd6 27.
Rf6+ Ke8 28. Bb5 a6 29. Rxb7+ axb5 30. Rxd6 Rf8 31. Ra6 1-0

[Event "23rd Abu Dhabi Masters"]
[Site "Abu Dhabi UAE"]
[Date "2016.08.24"]
[Round "5.1"]
[White "Savchenko, Boris"]
[Black "Adhiban, Baskaran"]
[Result "0-1"]
[WhiteTitle "GM"]
[BlackTitle "GM"]
[WhiteElo "2602"]
[BlackElo "2671"]
[WhiteFideId "4147332"]
[BlackFideId "5018471"]
[EventDate "2016.08.21"]

1. e4 e5 2. Nf3 Nc6 3. Bc4 Nf6 4. d3 Bc5 5. c3 O-O 6. O-O d5 7. exd5 Nxd5 8. b4
Be7 9. Re1 Bf6 10. Bg5 Bxg5 11. Nxg5 Nf4 12. Nf3 Bg4 13. Re3 Nd5 14. Re1 Nf4 15.
Re3 Nd5 16. Re1 Qd6 17. h3 Bh5 18. g4 Bg6 19. b5 Na5 20. Bxd5 Qxd5 21. Nxe5 Qxb5
22. c4 Qb2 23. Nd2 Rad8 24. Rb1 Qa3 25. Re3 Nc6 26. Nxg6 fxg6 27. Rxb7 Rxd3 28.
Rb3 Rxe3 29. Rxa3 Rxa3 30. Nb3 Ne5 31. f4 Nf7 32. Qe2 Ra6 33. Nd4 c5 34. Nb5 Rf6
35. Nc7 Rxf4 36. Ne6 Re8 37. Qb2 Rf6 38. Nc7 Re1+ 39. Kg2 Ng5 40. h4 Ne4 0-1

[Event "23rd Abu Dhabi Masters"]
[Site "Abu Dhabi UAE"]
[Date "2016.08.24"]
[Round "5.2"]
[White "Areshchenko, Alexander"]
[Black "Demchenko, Anton"]
[Result "1/2-1/2"]
[WhiteTitle "GM"]
[BlackTitle "GM"]
[WhiteElo "2665"]
[BlackElo "2600"]
[WhiteFideId "14109530"]
[BlackFideId "4160258"]
[EventDate "2016.08.21"]

1. e4 e5 2. Nf3 Nc6 3. Bb5 a6 4. Ba4 d6 5. c3 Bd7 6. O-O g6 7. d4 Bg7 8. Re1
Nge7 9. Be3 O-O 10. Nbd2 Qe8 11. Bb3 b6 12. dxe5 dxe5 13. a4 Kh8 14. Nc4 a5 15.
Bxb6 cxb6 16. Nd6 Qb8 17. Ng5 Nd8 18. Ndxf7+ Nxf7 19. Nxf7+ Rxf7 20. Bxf7 Ra7
21. Re3 Qc7 22. Rd3 Bf6 23. Qb3 Kg7 24. Bc4 Be8 25. Bb5 Bf7 26. Qc2 Qc5 27. Qd2
Nc8 28. b4 Qf8 29. Rd1 Be6 30. Bc6 Rc7 31. Bd5 Bg4 32. Rf1 Qe7 33. h3 1/2-1/2

[Event "23rd Abu Dhabi Masters"]
[Site "Abu Dhabi UAE"]
[Date "2016.08.24"]
[Round "5.3"]
[White "Kuzubov, Yuriy"]
[Black "Predke, Alexandr"]
[Result "1/2-1/2"]
[WhiteTitle "GM"]
[BlackTitle "GM"]
[WhiteElo "2639"]
[BlackElo "2553"]
[WhiteFideId "14112906"]
[BlackFideId "24107581"]
[EventDate "2016.08.21"]

1. c4 e6 2. Nc3 c5 3. Nf3 Nf6 4. e4 Nc6 5. Be2 d5 6. exd5 exd5 7. d4 cxd4 8.
Nxd4 dxc4 9. Nxc6 Qxd1+ 10. Nxd1 bxc6 11. Bxc4 Nd5 12. Ne3 Bb4+ 13. Bd2 Bxd2+
14. Kxd2 Be6 15. Bxd5 O-O-O 16. Rhc1 Bxd5 17. Ke2 Kb7 18. Rc3 Rhe8 19. g3 g5 20.
f3 Rd6 21. Kf2 Be6 22. Rc2 Red8 23. Re2 a5 24. b3 a4 25. Rc1 Rd4 26. Rc5 h6 27.
Nc4 Bxc4 28. bxc4 R8d7 29. Rb2+ Kc7 30. Ke2 Kd6 31. Ra5 Re7+ 32. Kf2 Rxc4 33.
Rd2+ Ke6 34. Re2+ Kf6 35. Rd2 Re5 36. Rd6+ Re6 37. Rd2 Kg7 38. g4 Rf6 39. Kg3
Rc3 40. Rxa4 Rfxf3+ 41. Kg2 Rf4 42. Rxf4 gxf4 43. a4 Ra3 44. Rc2 Kf6 45. Rxc6+
Kg5 46. h3 Ra2+ 47. Kf3 Ra3+ 48. Kg2 Rxa4 49. Rc5+ Kg6 50. Rf5 Ra2+ 51. Kg1 Ra3
52. Kg2 Rg3+ 53. Kh2 Rf3 54. Kg2 Rg3+ 1/2-1/2

[Event "23rd Abu Dhabi Masters"]
[Site "Abu Dhabi UAE"]
[Date "2016.08.24"]
[Round "5.6"]
[White "Bortnyk, Olexandr"]
[Black "Fedoseev, Vladimir3"]
[Result "1/2-1/2"]
[WhiteTitle "GM"]
[BlackTitle "GM"]
[WhiteElo "2588"]
[BlackElo "2670"]
[WhiteFideId "14120828"]
[BlackFideId "24130737"]
[EventDate "2016.08.21"]

1. e4 e6 2. d4 d5 3. Nc3 Bb4 4. exd5 exd5 5. Bd3 c6 6. Ne2 Nf6 7. O-O O-O 8. Ng3
Re8 9. a3 Bf8 10. h3 g6 11. Bg5 Bg7 12. Qd2 Nbd7 13. Rae1 Nf8 14. Bh6 Bd7 15.
Bxg7 Kxg7 16. Rxe8 Nxe8 17. Nce2 Ne6 18. Nf4 Nxf4 19. Qxf4 Qf6 20. Qxf6+ Kxf6
21. Re1 Nd6 22. f3 h5 23. h4 a5 24. Kf2 b6 25. Ne2 Re8 26. Rd1 a4 27. Nf4 Bf5
28. c3 g5 29. Nxh5+ Kg6 30. Bxf5+ Nxf5 31. g4 Nxh4 32. Rh1 f5 33. Nf4+ gxf4 34.
Rxh4 c5 35. Rh5 cxd4 36. Rxf5 d3 37. Rxf4 Re2+ 38. Kg3 Rxb2 39. Rxa4 Rb3 40. Rd4
Rxc3 41. a4 Kf6 42. Rxd5 Ke6 43. Rd8 Ke5 44. Rd7 Ra3 45. Rd8 Rc3 46. g5 Ra3 47.
g6 Kf6 48. Rd6+ Kg7 49. Kg4 Rxa4+ 50. f4 Kh6 51. Kf5 Ra8 52. Ke4 d2 53. f5 Kg5
54. g7 Re8+ 55. Kf3 Kxf5 56. Rxd2 Kf6 57. Rd6+ Kxg7 58. Rxb6 Kf7 59. Rb7+ Re7
60. Rxe7+ Kxe7 61. Ke4 1/2-1/2

[Event "23rd Abu Dhabi Masters"]
[Site "Abu Dhabi UAE"]
[Date "2016.08.24"]
[Round "5.8"]
[White "Lalith, Babu M R"]
[Black "Melkumyan, Hrant"]
[Result "1-0"]
[WhiteTitle "GM"]
[BlackTitle "GM"]
[WhiteElo "2575"]
[BlackElo "2650"]
[WhiteFideId "5024595"]
[BlackFideId "13302485"]
[EventDate "2016.08.21"]

1. Nf3 d5 2. d4 Nf6 3. c4 e6 4. Nc3 Be7 5. Bf4 O-O 6. e3 b6 7. Rc1 Bb7 8. Bd3
dxc4 9. Bxc4 a6 10. O-O b5 11. Bd3 Nbd7 12. a4 b4 13. Nb1 c5 14. Nbd2 cxd4 15.
Bc7 Qe8 16. exd4 Rc8 17. Qe2 Nd5 18. Bg3 Rxc1 19. Rxc1 Qa8 20. a5 Rc8 21. Re1 h6
22. Nc4 b3 23. Nd6 Bxd6 24. Bxd6 Rc6 25. Bg3 Qd8 26. Ra1 Rc8 27. Bc4 Qf8 28.
Bxb3 Qb4 29. Qd1 N5f6 30. h3 Bd5 31. Bxd5 Nxd5 32. Qe2 Qc4 33. Qxc4 Rxc4 34. Bd6
f6 35. Ra3 Rc6 36. Bg3 Nf8 37. Rb3 Ng6 38. Rb7 Nge7 39. b4 Nf5 40. Bb8 Nd6 41.
Bxd6 Rxd6 42. Nd2 Rc6 43. Nb3 Rc4 44. b5 axb5 45. a6 Ra4 46. Nc5 Ra1+ 47. Kh2 b4
48. a7 Kh7 49. Nxe6 Kg6 50. Nd8 Kf5 51. Rb5 Ke4 52. Nc6 Nc7 53. f3+ Kf4 54. Rxb4
Nd5 55. Rb8 Ne3 56. a8=Q Nf1+ 57. Kg1 1-0

[Event "23rd Abu Dhabi Masters"]
[Site "Abu Dhabi UAE"]
[Date "2016.08.24"]
[Round "5.9"]
[White "Antipov, Mikhail Al."]
[Black "Gupta, Abhijeet"]
[Result "1/2-1/2"]
[WhiteTitle "GM"]
[BlackTitle "GM"]
[WhiteElo "2565"]
[BlackElo "2637"]
[WhiteFideId "4107012"]
[BlackFideId "5010608"]
[EventDate "2016.08.21"]

1. e4 e6 2. d3 d5 3. Nd2 Nf6 4. g3 Nc6 5. Ngf3 e5 6. Bg2 dxe4 7. dxe4 Bc5 8. O-O
O-O 9. c3 a5 10. Qc2 b6 11. Nb3 Bd6 12. a4 h6 13. h3 Bd7 14. Be3 Qc8 15. Kh2 Ne7
16. Rfd1 Bc6 17. Nfd2 Qb7 18. f3 Rfd8 19. Nc4 Ne8 20. Nbd2 Bd7 21. f4 exf4 22.
gxf4 Bc6 23. Nb3 Ng6 24. e5 Nh4 25. Nxd6 cxd6 26. Bxc6 Qxc6 27. Nd4 Qb7 28. Qf2
Qe4 29. e6 Nf5 30. exf7+ Kxf7 31. Nxf5 Qxf5 32. Bxb6 Rdb8 33. Bd4 Nc7 34. Rd2
Ne6 35. Be3 Nc5 36. Bxc5 dxc5 37. Rad1 Kg8 38. Rd5 Qe4 39. Rd7 Ra6 40. Rg1 Rg6
41. Rxg6 Qxg6 42. Rd2 Qe4 43. Kg3 Rf8 44. Qf3 Qxa4 45. Qd5+ Kh8 46. Rf2 c4 1/2-1/2

[Event "23rd Abu Dhabi Masters"]
[Site "Abu Dhabi UAE"]
[Date "2016.08.24"]
[Round "5.10"]
[White "Vishnu Prasanna, V"]
[Black "Andriasian, Zaven"]
[Result "1/2-1/2"]
[WhiteTitle "GM"]
[BlackTitle "GM"]
[WhiteElo "2512"]
[BlackElo "2621"]
[WhiteFideId "5030692"]
[BlackFideId "13302000"]
[EventDate "2016.08.21"]

1. Nf3 d5 2. g3 c6 3. Bg2 Bg4 4. O-O Nd7 5. h3 Bh5 6. d4 Ngf6 7. c4 e6 8. cxd5
exd5 9. Nh4 Bg6 10. Qb3 Qb6 11. Qe3+ Be7 12. Nc3 Kf8 13. Nxg6+ hxg6 14. Qd3 Kg8
15. Bd2 Kh7 16. Rfe1 Rhe8 17. Rac1 Kg8 18. Bf3 Bb4 19. Na4 1/2-1/2

[Event "23rd Abu Dhabi Masters"]
[Site "Abu Dhabi UAE"]
[Date "2016.08.24"]
[Round "5.11"]
[White "Salem, A.R. Saleh"]
[Black "Sengupta, Deep"]
[Result "1/2-1/2"]
[WhiteTitle "GM"]
[BlackTitle "GM"]
[WhiteElo "2617"]
[BlackElo "2571"]
[WhiteFideId "9301348"]
[BlackFideId "5008352"]
[EventDate "2016.08.21"]

1. d4 d5 2. c4 c6 3. Nf3 Nf6 4. Nc3 a6 5. e3 Bf5 6. Be2 h6 7. Bd3 Bxd3 8. Qxd3
e6 9. O-O Bb4 10. a3 Bxc3 11. bxc3 O-O 12. a4 Qc7 13. Ba3 Rc8 14. Nd2 Nbd7 15.
f3 dxc4 16. Qxc4 c5 17. e4 b5 18. Qd3 Qb6 19. Kh1 Rd8 20. f4 Rac8 21. e5 Ne8 22.
axb5 axb5 23. Ne4 b4 24. cxb4 cxb4 25. Rab1 f5 26. exf6 Ndxf6 27. Rxb4 Qc6 28.
Nxf6+ Nxf6 29. Rbb1 Qd5 30. Be7 Qxd4 31. Qh3 Re8 32. Qxe6+ Kh8 33. Bxf6 Qxf6 34.
Qxf6 gxf6 35. h3 Rc2 36. Rb7 Ree2 37. Rg1 Rf2 38. Kh2 Kg8 39. Kg3 Ra2 40. Kg4
Rfb2 41. Rxb2 Rxb2 42. Ra1 Rb7 43. Kh5 Kg7 44. Ra5 Kh7 45. Rd5 Ra7 46. Rc5 Rb7
47. h4 Ra7 48. Rb5 Rc7 49. Ra5 Rb7 50. Kg4 Kg6 51. Rc5 Ra7 52. Rd5 Rb7 53. Rc5
Ra7 54. h5+ Kf7 55. Rb5 Rc7 56. Ra5 Rb7 57. Kf5 Rc7 58. Ke4 Rc4+ 59. Kf5 Rc7 60.
g3 Rb7 61. Rc5 Ra7 62. Rb5 Rc7 63. Ke4 Re7+ 64. Kd5 Rd7+ 65. Kc6 Rd3 66. Rb7+
Kf8 67. f5 Rxg3 68. Kd6 Re3 69. Rc7 Re2 70. Rc1 Kf7 71. Rc7+ Kf8 72. Rh7 Re5 73.
Rxh6 Rxf5 74. Ke6 Ra5 75. Rxf6+ Kg7 76. h6+ Kh7 77. Rf5 Rxf5 78. Kxf5 Kxh6 79.
Ke4 1/2-1/2

[Event "23rd Abu Dhabi Masters"]
[Site "Abu Dhabi UAE"]
[Date "2016.08.24"]
[Round "5.12"]
[White "Swapnil, S. Dhopade"]
[Black "Oleksiyenko, Mykhaylo"]
[Result "1/2-1/2"]
[WhiteTitle "GM"]
[BlackTitle "GM"]
[WhiteElo "2500"]
[BlackElo "2610"]
[WhiteFideId "5019184"]
[BlackFideId "4152417"]
[EventDate "2016.08.21"]

1. d4 d5 2. c4 c6 3. Nf3 Nf6 4. Qc2 dxc4 5. e4 b5 6. b3 cxb3 7. axb3 e6 8. Bd2
a5 9. Bd3 Bb7 10. O-O g6 11. Nc3 b4 12. Na4 Nbd7 13. e5 Nd5 14. Ng5 Ba6 15. Bxa6
Rxa6 16. Qd3 Ra7 17. Qf3 Nb8 18. Ne4 h6 19. Nb2 Be7 20. Nc4 Kf8 21. Ra2 Kg7 22.
Rfa1 Nc3 23. Bxc3 bxc3 24. Ncd6 Rf8 25. Qxc3 Qb6 26. Rxa5 Rxa5 27. Rxa5 Rd8 28.
Rc5 Qa6 29. g3 Qe2 30. Kg2 g5 31. Ra5 Kg6 32. Ra7 Rd7 33. Rxd7 Nxd7 34. Qxc6 g4
35. Nc3 Qd3 36. Qe4+ Qxe4+ 37. Ncxe4 Nb8 38. Nc8 Ba3 39. Na7 Bb2 40. Nb5 Nc6 41.
h3 h5 42. hxg4 hxg4 43. Nf6 Kg5 44. Ne4+ Kg6 45. Nf6 Kg5 46. Nd6 Bxd4 47. Nxf7+
Kg6 48. Nd6 Nxe5 49. Nde4 Kf5 50. b4 Nc4 51. Nxg4 Kxe4 52. f3+ Kf5 53. Nf2 Ne3+
54. Kh3 Nd5 55. Nd3 Bc3 56. b5 Ba5 57. Kh4 Bd8+ 58. Kh5 Nc3 59. g4+ Kf6 60. g5+
Kf5 61. g6 Bf6 62. b6 Nd5 63. Kh6 Nxb6 64. g7 Bxg7+ 65. Kxg7 Nc4 66. Nc5 Nd2 67.
Nxe6 Kxe6 1/2-1/2

[Event "23rd Abu Dhabi Masters"]
[Site "Abu Dhabi UAE"]
[Date "2016.08.24"]
[Round "5.13"]
[White "Lei, Tingjie"]
[Black "Dragun, Kamil"]
[Result "0-1"]
[WhiteTitle "WGM"]
[BlackTitle "GM"]
[WhiteElo "2480"]
[BlackElo "2609"]
[WhiteFideId "8605114"]
[BlackFideId "1134167"]
[EventDate "2016.08.21"]

1. d4 Nf6 2. c4 g6 3. f3 Bg7 4. e4 d6 5. Nc3 O-O 6. Be3 b6 7. Qd2 c5 8. Nge2 Ba6
9. b3 e6 10. Rd1 Nc6 11. g3 d5 12. cxd5 exd5 13. e5 Nd7 14. f4 Re8 15. Kf2 Nb4
16. Bg2 cxd4 17. Qxd4 Nc2 18. Qxd5 Nxe3 19. Kxe3 Nxe5 20. fxe5 Qe7 21. Kf2 Bxe5
22. Rhe1 Rad8 23. Qe4 Qc5+ 24. Kf3 Bxc3 25. Rxd8 Rxd8 26. Nxc3 Qxc3+ 27. Kf2
Qc5+ 28. Qe3 Rd2+ 29. Kg1 Rd1 0-1

[Event "23rd Abu Dhabi Masters"]
[Site "Abu Dhabi UAE"]
[Date "2016.08.24"]
[Round "5.14"]
[White "Puranik, Abhimanyu"]
[Black "Zubov, Alexander"]
[Result "0-1"]
[WhiteTitle "IM"]
[BlackTitle "GM"]
[WhiteElo "2469"]
[BlackElo "2606"]
[WhiteFideId "5061245"]
[BlackFideId "14109409"]
[EventDate "2016.08.21"]

1. e4 g6 2. d4 Bg7 3. Nc3 d6 4. Nf3 a6 5. Be2 b5 6. O-O Nd7 7. a4 b4 8. Nd5 a5
9. c3 Bb7 10. cxb4 e6 11. Nf4 axb4 12. d5 exd5 13. Nxd5 Ne7 14. Nxb4 Bxe4 15.
Re1 O-O 16. Bb5 Bxf3 17. Qxf3 Ne5 18. Qe4 c5 19. Nd3 d5 20. Qe3 Nf5 21. Qxc5 Rc8
22. Qa3 Nc4 23. Bxc4 dxc4 24. Nb4 c3 25. a5 Re8 26. Rf1 c2 27. Qa4 Re4 28. Qb3
Nd4 29. Qd3 Ne2+ 30. Kh1 Qxd3 31. Nxd3 Rd4 32. Ra3 Nxc1 33. Rxc1 Rxd3 34. Rxd3
Bxb2 0-1

[Event "23rd Abu Dhabi Masters"]
[Site "Abu Dhabi UAE"]
[Date "2016.08.24"]
[Round "5.15"]
[White "Laxman, R.R."]
[Black "Prohaszka, Peter2"]
[Result "1/2-1/2"]
[WhiteTitle "GM"]
[BlackTitle "GM"]
[WhiteElo "2374"]
[BlackElo "2604"]
[WhiteFideId "5005361"]
[BlackFideId "726265"]
[EventDate "2016.08.21"]

1. d4 d5 2. c4 dxc4 3. Nf3 a6 4. a4 Nf6 5. e3 Bg4 6. Bxc4 e6 7. Nc3 Nc6 8. h3
Bh5 9. O-O Bd6 10. Be2 O-O 11. Nh4 Bxe2 12. Qxe2 Qe7 13. Rd1 Nd5 14. Nf3 f5 15.
e4 fxe4 16. Qxe4 Nf4 17. Ne2 Nxe2+ 18. Qxe2 Rf5 19. Re1 Re8 20. Bd2 h6 21. Bc3
Qf7 22. Rad1 Rd5 23. Qe4 Nd8 24. Ne5 Bxe5 25. dxe5 Qd7 26. Qg4 Nf7 27. Rxd5 Qxd5
28. Rd1 Qc6 29. Rd3 Re7 30. Rg3 1/2-1/2

[Event "23rd Abu Dhabi Masters"]
[Site "Abu Dhabi UAE"]
[Date "2016.08.24"]
[Round "5.17"]
[White "Igonin, Temur"]
[Black "Efimenko, Zahar"]
[Result "1/2-1/2"]
[WhiteTitle "IM"]
[BlackTitle "GM"]
[WhiteElo "2466"]
[BlackElo "2661"]
[WhiteFideId "14203049"]
[BlackFideId "14107201"]
[EventDate "2016.08.21"]

1. e4 e5 2. Nf3 Nc6 3. Bc4 Bc5 4. O-O d6 5. c3 Bg4 6. b4 Bb6 7. a4 a6 8. a5 Ba7
9. h3 Bh5 10. d3 Nge7 11. Be3 O-O 12. Bxa7 Rxa7 13. Re1 Ra8 14. g4 Bg6 15. d4
Bxe4 16. Rxe4 d5 17. Re1 dxc4 18. Nxe5 Nxe5 19. Rxe5 Ng6 20. Re3 f5 21. Nd2 Qh4
22. Rg3 f4 23. Nf3 Qf6 24. g5 Qf5 25. Rg4 Rae8 26. Qf1 Kh8 27. Qxc4 Qe4 28. Nd2
Qc2 29. Nf3 Re2 30. Rf1 Qe4 31. Nh4 Nxh4 32. Rxh4 c6 33. g6 Qxg6+ 34. Rg4 Qe8
35. d5 Re4 36. Qd3 cxd5 37. Qxd5 Qe7 38. Qg5 Qxg5 39. Rxg5 Rc8 40. Rd1 h6 41.
Rg4 Rc7 42. h4 Kh7 43. Kg2 Rxc3 44. Rd7 f3+ 45. Kh3 Rxg4 46. Kxg4 Rc4+ 47. Kxf3
Rxb4 48. h5 Rb5 49. Kg4 Rxa5 50. Rxb7 Ra1 51. Ra7 a5 52. Ra8 Ra3 53. f4 a4 54.
Kh4 Ra1 55. Kg4 a3 56. Kg3 Ra2 57. Kh3 Ra1 58. Kg2 a2 59. f5 Re1 60. Rxa2 Re5
61. Rf2 Kg8 62. f6 Rg5+ 63. Kf1 Rxh5 64. fxg7 Rg5 65. Rg2 Kxg7 66. Kg1 Kg6 67.
Kh2 Rxg2+ 1/2-1/2

[Event "23rd Abu Dhabi Masters"]
[Site "Abu Dhabi UAE"]
[Date "2016.08.24"]
[Round "5.18"]
[White "Iturrizaga Bonelli, Eduardo"]
[Black "Swayams, Mishra"]
[Result "0-1"]
[WhiteTitle "GM"]
[BlackTitle "IM"]
[WhiteElo "2626"]
[BlackElo "2468"]
[WhiteFideId "3901211"]
[BlackFideId "5028183"]
[EventDate "2016.08.21"]

1. g3 d5 2. Bg2 c5 3. Nf3 Nc6 4. d4 Nf6 5. O-O e6 6. b3 Be7 7. Bb2 O-O 8. e3 b6
9. c4 Ba6 10. Ne5 Rc8 11. Nd2 cxd4 12. exd4 Nxe5 13. dxe5 Nd7 14. cxd5 Bxf1 15.
Nxf1 exd5 16. Ne3 Bc5 17. Nxd5 Re8 18. b4 Bf8 19. f4 b5 20. Bh3 Nb6 21. Bxc8
Nxd5 22. Rc1 Bxb4 23. Qd4 Ba5 24. Kh1 Bb6 25. Qe4 Ne3 26. e6 fxe6 27. Bxe6+ Kh8
28. f5 Nc4 29. Ba1 Be3 30. f6 gxf6 31. Qd5 Qe7 32. Rf1 Qxe6 33. Qh5 0-1

[Event "23rd Abu Dhabi Masters"]
[Site "Abu Dhabi UAE"]
[Date "2016.08.24"]
[Round "5.19"]
[White "Shyaamnikhil, P"]
[Black "Oparin, Grigoriy"]
[Result "0-1"]
[WhiteTitle "IM"]
[BlackTitle "GM"]
[WhiteElo "2421"]
[BlackElo "2617"]
[WhiteFideId "5024218"]
[BlackFideId "24125890"]
[EventDate "2016.08.21"]

1. e4 e5 2. Nf3 Nc6 3. Bc4 Bc5 4. c3 Nf6 5. d4 exd4 6. e5 d5 7. Bb5 Ne4 8. cxd4
Bb6 9. Be3 O-O 10. Nc3 Bg4 11. Qb3 Ne7 12. h3 Bh5 13. Bd3 c5 14. Bxe4 dxe4 15.
dxc5 exf3 16. g4 Ba5 17. Rd1 Qc7 18. gxh5 Qxe5 19. Qc4 Nf5 20. b4 b5 21. Qb3
Nxe3 22. fxe3 Qxe3+ 23. Kf1 Rad8 24. bxa5 Rxd1+ 25. Qxd1 Qxc3 26. Kf2 Qxc5+ 0-1

[Event "23rd Abu Dhabi Masters"]
[Site "Abu Dhabi UAE"]
[Date "2016.08.24"]
[Round "5.20"]
[White "Ter-Sahakyan, Samvel"]
[Black "Gusain, Himal"]
[Result "1-0"]
[WhiteTitle "GM"]
[WhiteElo "2613"]
[BlackElo "2453"]
[WhiteFideId "13302531"]
[BlackFideId "5033861"]
[EventDate "2016.08.21"]

1. e4 e5 2. Nf3 Nc6 3. Bb5 a6 4. Ba4 Nf6 5. O-O Be7 6. Re1 b5 7. Bb3 d6 8. c3
O-O 9. h3 Nb8 10. d4 Nbd7 11. Nbd2 c5 12. Nf1 Re8 13. Ng3 g6 14. Bc2 Qc7 15. Bg5
Bb7 16. d5 c4 17. Qd2 a5 18. a4 Ba6 19. axb5 Bxb5 20. Be3 Nb6 21. Ra3 Nfd7 22.
h4 Nc5 23. h5 Bf6 24. Nh2 Bd7 25. Rea1 a4 26. Qe2 Qd8 27. Bxc5 dxc5 28. Nf3 Bh4
29. Nf1 gxh5 30. Ne3 Rb8 31. Bxa4 Nxa4 32. Rxa4 Bxa4 33. Rxa4 Bg5 34. Nf5 Bc1
35. Qc2 Bg5 36. Ra6 Be7 37. Nxe5 Rb6 38. Nc6 Rxa6 39. Nxd8 Bxd8 40. Qe2 h4 41.
Qxc4 Ra1+ 42. Kh2 Re1 43. e5 R8xe5 44. Qg4+ Kf8 45. Qg7+ Ke8 46. Qg8+ Kd7 47.
Qxf7+ Be7 48. f4 Rxf5 49. Qxf5+ Kd6 50. c4 1-0

[Event "23rd Abu Dhabi Masters"]
[Site "Abu Dhabi UAE"]
[Date "2016.08.24"]
[Round "5.21"]
[White "Das, Sayantan"]
[Black "Azarov, Sergei"]
[Result "0-1"]
[WhiteTitle "IM"]
[BlackTitle "GM"]
[WhiteElo "2399"]
[BlackElo "2581"]
[WhiteFideId "5034426"]
[BlackFideId "13501470"]
[EventDate "2016.08.21"]

1. e4 c5 2. Nf3 Nc6 3. d4 cxd4 4. Nxd4 Qb6 5. Nb3 Nf6 6. Nc3 e6 7. Bd3 a6 8. Be3
Qc7 9. f4 d6 10. Qf3 b5 11. O-O-O Bb7 12. g4 Nb4 13. Kb1 d5 14. Rc1 Be7 15. Bd4
dxe4 16. Nxe4 Rd8 17. a3 Nxd3 18. cxd3 Qd7 19. g5 Nxe4 20. dxe4 O-O 21. Rhd1 Qe8
22. Nc5 Qc6 23. Nxb7 Qxb7 24. h4 b4 25. axb4 Bxb4 26. h5 a5 27. h6 g6 28. Bg7
Rfe8 29. Bf6 Rxd1 30. Rxd1 a4 31. Rd4 Ra8 32. Qd3 a3 33. Rd7 Qc6 34. Bc3 axb2
35. Rd8+ Bf8 36. Qd4 e5 37. Qxe5 f6 38. Qd5+ Qxd5 39. Rxd5 fxg5 40. fxg5 Re8 41.
e5 Kf7 42. Rd7+ Re7 43. Rd8 Re8 44. Rd7+ Re7 45. Rd3 Rb7 46. Rf3+ Ke8 47. e6 Rb3
48. Re3 Bc5 49. Rg3 Bd4 50. Be1 Rxg3 51. Bxg3 Ke7 52. Bc7 Kxe6 53. Bd8 Kf5 54.
Be7 Be3 55. Kxb2 Bxg5 56. Bf8 Be3 57. Kc3 Ke4 58. Kc2 g5 59. Kd1 Kf3 60. Ke1 g4
61. Bd6 g3 62. Bxg3 Kxg3 63. Kf1 Kf3 0-1

[Event "23rd Abu Dhabi Masters"]
[Site "Abu Dhabi UAE"]
[Date "2016.08.24"]
[Round "5.22"]
[White "Ziska, Helgi Dam"]
[Black "Ameir, Moheb"]
[Result "1-0"]
[WhiteTitle "IM"]
[BlackTitle "IM"]
[WhiteElo "2546"]
[BlackElo "2431"]
[WhiteFideId "7200595"]
[BlackFideId "10600620"]
[EventDate "2016.08.21"]

1. e4 c5 2. Nf3 e6 3. b3 b6 4. Bd3 Bb7 5. O-O Nc6 6. Re1 Be7 7. Bb2 Nf6 8. e5
Nh5 9. Bf1 O-O 10. d4 cxd4 11. Nxd4 Nxd4 12. Bxd4 g6 13. Nd2 d6 14. Ne4 dxe5 15.
Bxe5 f6 16. Bb2 Bb4 17. Re3 e5 18. a3 Be7 19. Rd3 Qc8 20. Nd6 Bxd6 21. Rxd6 Rd8
22. Rxd8+ Qxd8 23. Qg4 Qe7 24. Rd1 Rd8 25. Qb4 Qxb4 26. Rxd8+ Qf8 27. Bc4+ Kg7
28. Rxf8 Kxf8 29. Bc1 Ke7 30. f3 e4 31. Kf2 exf3 32. gxf3 g5 33. a4 Nf4 34. Bd2
Ng6 35. a5 Ne5 36. Be2 Kd6 37. axb6 axb6 38. Be3 Kc7 39. f4 gxf4 40. Bxf4 Kd7
41. Ke3 Ng6 42. Bg4+ Kd8 43. Bg3 Ne7 44. Bh4 Kc7 45. c4 f5 46. Bh3 f4+ 47. Kxf4
Ng6+ 48. Kg5 Nxh4 49. Kxh4 Be4 50. Kg5 Bc2 51. b4 Bd3 52. Be6 Kd6 53. Kf6 h6 54.
h4 Be2 55. Bf7 h5 56. Kg5 Ke7 57. Bxh5 Bxc4 58. Bg6 Kf8 59. h5 b5 60. Kf6 Be2
61. h6 Kg8 62. Ke5 Bf1 63. Kd4 Bh3 64. Bd3 Bd7 65. Kc5 Be8 66. Bxb5 Bg6 67. Bc4+
Kh7 68. b5 Be4 69. b6 Bb7 70. Kd6 1-0

[Event "23rd Abu Dhabi Masters"]
[Site "Abu Dhabi UAE"]
[Date "2016.08.24"]
[Round "5.23"]
[White "Sardana, Rishi"]
[Black "Ly, Moulthun"]
[Result "0-1"]
[WhiteTitle "IM"]
[BlackTitle "IM"]
[WhiteElo "2403"]
[BlackElo "2501"]
[WhiteFideId "25004301"]
[BlackFideId "3204405"]
[EventDate "2016.08.21"]

1. e4 Nf6 2. e5 Nd5 3. d4 d6 4. c4 Nb6 5. exd6 cxd6 6. Nc3 g6 7. Be3 Bg7 8. Rc1
O-O 9. b3 Bf5 10. d5 e5 11. dxe6 Bxe6 12. Nf3 Nc6 13. Nb5 d5 14. c5 Nd7 15. Be2
Qa5+ 16. Qd2 Qxd2+ 17. Bxd2 a6 18. Nd6 Rfb8 19. O-O Bf8 20. Be3 h6 21. Rfd1 Nf6
22. Nd4 Bd7 23. Bf4 Bg7 24. Nc2 Be6 25. h3 b6 26. cxb6 Rxb6 27. Be3 Rbb8 28. Nd4
Nxd4 29. Bxd4 Nd7 30. Bxg7 Kxg7 31. Rc6 Ne5 32. Rc7 g5 33. Rdc1 Kf6 34. Nb7 a5
35. Nc5 Rd8 36. Nb7 Rh8 37. Nc5 h5 38. Ba6 h4 39. Be2 Rhg8 40. Bh5 Rh8 41. Be2
Bf5 42. Rd1 Rhd8 43. Nb7 Rdc8 44. Rxc8 Bxc8 45. Nd6 Be6 46. Nb5 Rd8 47. Nd4 Rc8
48. Bb5 Rc5 49. a3 Rc3 50. Bf1 Nc6 51. Nxc6 Rxc6 52. b4 axb4 53. axb4 Ke5 54. b5
Rb6 55. Ra1 Bd7 56. Ra7 Bxb5 57. Rxf7 Bc4 58. Re7+ Kd4 59. Re1 Rb3 60. Rd1+ Kc5
61. Rc1 Kb4 62. Rd1 Rc3 63. Rb1+ Bb3 64. Re1 Rc5 65. g3 Bc2 66. gxh4 gxh4 67.
Re8 Rc7 68. Rd8 Rg7+ 69. Kh2 Be4 70. f3 Bxf3 71. Rh8 Kc3 72. Rxh4 Kd2 73. Rb4
Ke1 74. Rb1+ Kf2 75. h4 Rg4 76. Kh3 Rd4 77. h5 Bg4+ 78. Kh2 Bf5 79. Rb3 Rh4+ 80.
Bh3 Rxh5 81. Rb2+ Kf3 0-1